000 00446nam a2200157 i 4500
001 39650
003 ES-MaACL
005 20230906160044.0
007 t|
008 030303s1957 sp ||||1| spa d
100 1 _aCanals Vidal, Francisco.
_934419
245 1 0 _aCristianismo y revolución /
_cFrancisco Canals Vidal.
260 _aBarcelona :
_bAcervo,
_c[1957] (
_fDuplex)
300 _a196 p. ;
_c22 cm.
852 _aES-MaACL
_jC-12956
_bR.41111
999 _c39650
_d39650